Normal view
MARC view
Entry Topical Term
001 - CONTROL NUMBER
- control field: 38821
003 - CONTROL NUMBER IDENTIFIER
- control field: OSt
005 - DATE AND TIME OF LATEST TRANSACTION
- control field: 20160218121719.0
008 - FIXED-LENGTH DATA ELEMENTS
- fixed length control field: 160218|| aca||aabn | a|a d
040 ## - CATALOGING SOURCE
- Original cataloging agency: OSt
- Transcribing agency: OSt
150 ## - HEADING--TOPICAL TERM
- Topical term or geographic name entry element: Language
670 ## - SOURCE DATA FOUND
- Source citation: Work cat.: (OSt)28627: खरे डॉ. रामस्वरूम 38820, भाषा विज्ञान , 1985









